000 02004nam0a2200337 i 4500
001 RU\NLR\BIBL_A\011212135
005 20241101120133.0
010 _a9785444608005
_91000
021 _aRU
_b2016-66674
_94273
035 _a(NLR Aleph) 011212135
090 _a11978701
_c11978701
100 _a20160914d2016 km y0rusy50 ca
101 0 _arus
102 _aRU
105 _aa|||j|||000zy
200 1 _aПсихология сексуальности
_eучебное пособие к курсу "Психологическое консультирование в сексологии"
_fЧаст. образоват. учреждение высш. образования "Открытый ин-т - Высш. проф. шк.", Рос. науч. сексол. о-во
_g[Е.А. Кащенко д.социол.н., проф. и др.]
_gпод ред. Е.А. Кащенко
210 _aВоронеж
_cНаучная книга
_d2016
215 _a535, [5] с.
_cил.
_d21
320 _aБиблиогр. в подстроч. примеч. и в тексте
606 1 _aСексуальность
_jУчебные издания для высших учебных заведений
_xПсихологические исследования
_91596160
_3RU\NLR\AUTH\661000573
606 1 _aСексопатология
_jУчебные издания для высших учебных заведений
_xПсихотерапия
_92140862
_3RU\NLR\AUTH\661290360
686 1 _aЮ937.3-342.1я73
686 1 _aР705-571я73
702 1 _4220
_aКащенко
_bЕ. А.
_cд-р социол. наук, сексолог
_f1957-
_gЕвгений Августович
_9145514
_3RU\NLR\AUTH\770145550
712 0 2 _4570
_aОткрытый институт - Высшая профессиональная школа
_cМосква
_9534027
_3RU\NLR\AUTH\880434829
942 _cBOOK
980 _aSUPPRESS
980 _aNBR